MARC details
| 000 -CABECERA |
| campo de control de longitud fija |
01896nam a2200361 u 4500 |
| 005 - FECHA Y HORA DE LA ÚLTIMA TRANSACCIÓN |
| campo de control |
20220808101225.0 |
| 008 - ELEMENTOS DE LONGITUD FIJA--INFORMACIÓN GENERAL |
| campo de control de longitud fija |
191126s2006 mx r 000 0 spa d |
| 020 ## - NÚMERO INTERNACIONAL NORMALIZADO PARA LIBROS |
| Número Internacional Estándar del Libro |
9686914455 (Instituto Mora : serie) |
| 020 ## - NÚMERO INTERNACIONAL NORMALIZADO PARA LIBROS |
| Número Internacional Estándar del Libro |
9706841466 (vol. XII) |
| 020 ## - NÚMERO INTERNACIONAL NORMALIZADO PARA LIBROS |
| Número Internacional Estándar del Libro |
9706841474 (vol. XIII) |
| 020 ## - NÚMERO INTERNACIONAL NORMALIZADO PARA LIBROS |
| Número Internacional Estándar del Libro |
9706841482 (vol. XIV) |
| 020 ## - NÚMERO INTERNACIONAL NORMALIZADO PARA LIBROS |
| Número Internacional Estándar del Libro |
9706841490 (vol. XV) |
| 020 ## - NÚMERO INTERNACIONAL NORMALIZADO PARA LIBROS |
| Número Internacional Estándar del Libro |
9706841504 (vol. XVI) |
| 020 ## - NÚMERO INTERNACIONAL NORMALIZADO PARA LIBROS |
| Número Internacional Estándar del Libro |
9703512119 (CONACULTA) |
| 035 ## - NÚMERO DE CONTROL DEL SISTEMA |
| Número de control de sistema |
UPN01000234383 |
| 040 ## - FUENTE DE LA CATALOGACIÓN |
| Centro catalogador/agencia de origen |
MX-MxUPN |
| Lengua de catalogación |
spa |
| Centro/agencia transcriptor |
MX-MxUPN |
| 050 ## - SIGNATURA TOPOGRÁFICA DE LA BIBLIOTECA DEL CONGRESO |
| Número de clasificación |
PQ7251 |
| Número de documento/Ítem |
P37 2006 |
| 245 03 - MENCIÓN DE TÍTULO |
| Título |
El Parnaso mexicano : |
| Resto del título |
poesías escogidas de varios autores / |
| Mención de responsabilidad, etc. |
coleccionadas bajo la dirección de Vicente Riva Palacio por Francisco J. Arredondo ; edición, introducción e índices Manuel Sol ; coordinador de la obra, José Ortiz Monasterio |
| 250 ## - MENCIÓN DE EDICIÓN |
| Mención de edición |
Primera edición |
| 260 ## - PUBLICACIÓN, DISTRIBUCIÓN, ETC. |
| Lugar de publicación, distribución, etc. |
México : |
| Nombre del editor, distribuidor, etc. |
Consejo Nacional para la Cultura y las Artes : |
| -- |
Universidad Nacional Autónoma de México : |
| -- |
Instituto de Investigaciones Dr. José María Luis Mora |
| 260 ## - PUBLICACIÓN, DISTRIBUCIÓN, ETC. |
| Lugar de publicación, distribución, etc. |
Estado de México, México : |
| Nombre del editor, distribuidor, etc. |
Instituto Mexiquense de Cultura, |
| Fecha de publicación, distribución, etc. |
2006. |
| 300 ## - DESCRIPCIÓN FÍSICA |
| Extensión |
volúmenes : |
| Otras características físicas |
ilustraciones, retratos |
| 490 ## - MENCIÓN DE SERIE |
| Mención de serie |
Colección Obras escogidas de Vicente Riva Palacio ; |
| Designación de volumen o secuencia |
12, 13, 14, 15, 16 |
| 505 1# - NOTA DE CONTENIDO CON FORMATO PREESTABLECIDO |
| Nota de contenido con formato |
Contenido: v.12. Primera serie I (607 páginas) -- v.13. Primera serie II (557 páginas) -- v.14. Segunda serie I (603 páginas) -- v.15. Segunda serie II (614 páginas) -- v.16. Tercera serie e índices (732 páginas) |
| 650 #2 - ASIENTO SECUNDARIO DE MATERIA - TERMINO TEMATICO |
| 9 (RLIN) |
1284 |
| Término de materia o nombre geográfico como elemento de entrada |
Poesía mexicana |
| Subdivisión de forma |
Colecciones literarias |
| Subdivisión cronológica |
Siglo XIX |
| 700 1# - ASIENTO SECUNDARIO--NOMBRE DE PERSONAL |
| Nombre de persona |
Riva Palacio, Vicente, |
| Fechas asociadas al nombre |
1832-1896 |
| Término indicativo de función/relación |
director |
| 9 (RLIN) |
28490 |
| 700 1# - ASIENTO SECUNDARIO--NOMBRE DE PERSONAL |
| Nombre de persona |
Arredondo, Francisco J. |
| Término indicativo de función/relación |
compilador |
| 9 (RLIN) |
44908 |
| 700 1# - ASIENTO SECUNDARIO--NOMBRE DE PERSONAL |
| Nombre de persona |
Sol, Manuel, |
| Fechas asociadas al nombre |
1946- |
| Término indicativo de función/relación |
editor |
| -- |
autor de introducción |
| -- |
autor de índices |
| 9 (RLIN) |
44909 |
| 700 1# - ASIENTO SECUNDARIO--NOMBRE DE PERSONAL |
| Nombre de persona |
Ortiz Monasterio, José |
| Término indicativo de función/relación |
coordinador |
| 9 (RLIN) |
40384 |
| 905 ## - TIPO DE MATERIAL |
| Tipo de material |
Libro |
| 942 ## - ELEMENTOS DE PUNTO DE ACCESO ADICIONAL (KOHA) |
| Suprimir en OPAC |
No |
| Tipo de ítem Koha |
Libro |
| Fuente del sistema de clasificación o colocación |
Library of Congress Classification |